00376nam a2200109Ia 4500008004100000100001900041245006000060260004600120300001800166650001300184856006900197160712s9999 xx 000 0 und d aEliserio, U Z. cU Z. EliserioaTungkol sa Realismo sa Nobelang Filipino c2015bDaluyan: Journal ng Wikang Filipino avol. 21 no. 1 xFILIPINO uhttp://journals.upd.edu.ph/index.php/djwf/issue/view/525/showToc